| 000 | 00696nam a22002177a 4500 | ||
|---|---|---|---|
| 005 | 20251108165416.0 | ||
| 008 | 250721s1987 xx 000 0 ara d | ||
| 082 | 1 | 4 | _a943/عبد |
| 100 | 1 | _aسنو، عبد الرؤوف | |
| 245 | 1 | 0 | _aالمصالح الألمانية في سوريا و فلسطين 1841-1901 / |
| 264 | 1 |
_aبيروت : _bمعهد الإنماء العربي، _c1987. |
|
| 300 | _a454ص | ||
| 490 | 0 | _aالدراسات التاريخية | |
| 650 | 1 | 7 | _aتاريخ ألمانيا |
| 650 | 1 | 7 | _aألمانيا |
| 650 | 1 | 7 | _aالسياسة الخارجية |
| 650 | 1 | 7 | _aالعلاقات الدولية |
| 650 | 1 | 7 | _aسورية |
| 942 |
_2ddc _cBK |
||
| 999 |
_c27227 _d27227 |
||